000
00269nam a2200133Ia 4500
100
_a
Koskin/N
942
_c
BK
654
_a
Physics
245
_a
Hand Book Of Elementary Physics
260
_b
Mir Publishers
082
_a
530
300
_a
214
546
_a
ENGLISH
999
_c
27881
_d
27881